Statistics for Biggest Profit Made by Premier League Clubs (2023)

Click here to take the quiz!

General Stats

  • This quiz has been taken 12 times
  • The average score is 15 of 20

Answer Stats

NAnswerSpentBiggest TransferEarnedBiggest SaleProfit% Correct
11Aston Villa€93mMoussa Diaby (€55m)€32.55mCameron Archer (€21.55m)-€60.45m
100%
1Brighton & Hove Albion€101.2mJoao Pedro (€34.2m)€190.2mMoisés Caicedo (€116m)+€89m
100%
3Everton€40.5mBeto (€25m)€82.8mMoise Kean (€30m)+€42.3m
92%
4West Ham United€137.56mMohammed Kudus (€43m)€156.4mDeclan Rice (€116.6m)+€18.84m
92%
2Wolverhampton Wanderers€61mMatheus Cunha (€50m)€169.2mMatheus Nunes (€62m)+€75.2m
92%
20Chelsea€462.1mMoisés Caicedo (€116)€267mMoisés Caicedo (€116m)-€195.1m
83%
8Crystal Palace€38.7mMatheus Franca (€20m)€0Luka Milivojevic (free)-€38.7m
83%
13Liverpool€172mDominik Szoboszlai (€70m)€60.7mFabinho (€46.7m)-€111.3m
83%
17Manchester City€241.1mJosko Gvardiol (€90m)€114.5mCole Palmer (€47m)-€126.6m
83%
18Manchester United€206.7mRasmus Hojlund (€75m)€55.34mAnthony Elanga + Dean Henderson (€17.5m)-€151.36m
83%
5Fulham€68.47mAlex Iwobi (€25.7m)€52.6mAleksandar Mitrovic (€52.6m)-€15.87m
75%
6Luton Town€22.75mRyan Giles (€5.85m)€0Sonny Bradley (free)-€22.75m
75%
14Newcastle United€153.2mSandro Tonali (€64m)€44.6mAllan Saint-Maximin (€27.2m)-€108.6m
75%
10Nottingham Forest€122.05mIbrahim Sangaré (€35m)€64.82mBrennan Johnson (€55)-€57.23m
75%
7Sheffield United€64.45mCameron Archer (€21.55m)€30.9mIliman Ndiaye (€17m)-€33.55m
75%
19Arsenal€234.94mDeclan Rice (€116.6m)€67.9mFolarin Balogun (€30)-€167.04m
67%
9Brentford€64.85mNathan Collins (€26.85m)€10.76mMads Bidstrup (€6m)-€54.76m
67%
15AFC Bournemouth€127.69mTyler Adams (€26.9m)€1.5mBen Pearson (€1.5m)-€126.19m
42%
16Tottenham Hotspurs€248.6mBrennan Johnson (€55m)€122.2mHarry Kane (€100m)-€126.4m
33%
12Burney€111.05mZeki Amdouni (€18.6m)€3.8mBobby Thomas (€2.3m)-€107.25m
0%

Score Distribution

Percentile by Number Answered

Percent of People with Each Score

Your Score History

You have not taken this quiz